000 00630nam a2200229Ia 4500
005 20221210101746.0
008 131103s9999 xx 000 0 und d
020 _a192880853
_cRs 995.00
040 _aLoreto College
041 _aEnglish
082 _a821.91
_b YEA-FOS
100 _aFoster,R.F
245 _aW.B.Yeats
_ba life : I : The Apprentice Mage 1865-1914 :
_cR.F.Foster
260 _aOxford
_bOxford University Press
_c1997
300 _axxxii,640p
504 _aIncludes index
630 _aLiterature in English
650 _aYeats, W.B.
651 _aPoetry in English
850 _aLCLIB
942 _cBK
999 _c36662
_d87141